Music Quiz

Random Music or Blitz Quiz

Male Singer Blitz Quiz Stats

 Plays Quiz Updated Jul 31, 2018

Challenge
Share
Tweet
Embed
Score 0/30 Timer 03:00
12 Plays Today
% Correct
Michael Jackson
94.4%
Michael Jackson
94.1%
Elvis Presley
93.2%
Michael Jackson
90.4%
Eminem
89.5%
Michael Jackson
85.3%
Elvis Presley
83%
Eminem
82.8%
Ray Charles
81.9%
Eminem
80.9%
Elvis Presley
80.8%
Ray Charles
79.3%
Usher
76%
Elvis Presley
74%
Usher
71.6%
% Correct
Michael Jackson
70.7%
Usher
68.3%
Tim McGraw
66%
Elvis Presley
60.8%
Tim McGraw
56.8%
Usher
56.1%
Usher
55.2%
Tim McGraw
53.5%
Tim McGraw
53.3%
Ray Charles
49.8%
Tim McGraw
49.3%
Eminem
49.2%
Eminem
48.3%
Ray Charles
35.7%
Ray Charles
21%

You're not logged in!

Compare scores with friends on all Sporcle quizzes.
Join for Free
OR
Log In

You Might Also Like...

Show Comments

Extras

Top Quizzes Today


Score Distribution

Your Account Isn't Verified!

In order to create a playlist on Sporcle, you need to verify the email address you used during registration. Go to your Sporcle Settings to finish the process.

Report this User

Report this user for behavior that violates our Community Guidelines.

Details: